=LDR 00000nam 2200000 4500 =001 INLIS000000000011019 =005 20130612102627 =008 ***********************************Ind** =035 ##$$0010-061300000011019 =041 ##$$a Ind =082 ##$$a 658.802 =090 ##$$a 658.802, Don-p =100 ##$$a Mc. Donald, Malcolm =245 ##$$a Pedoman Menjuak Produk dan jasa, Mlcolm Mc.Donald dan Peter Morris; Alih Bahasa delatin =260 ##$$a 1996 $b Jakarta =300 ##$$a 87 hlm, ilus, 21 cm =650 ##$$a Mana pencari penjualan =650 ##$$a pedoman =700 ##$$a Morris, Petter =700 ##$$a Delatin =850 ##$$a NBPNMAT